El cuaderno : (Registro nro. 11137)

Detalles MARC
000 -LIDER
fixed length control field 00845nam a22002537a 4500
001 - NÚMERO DE CONTROL
Identificador de número de control 001100
003 - IDENTIFICACDOR DE NÚMERO DE CONTROL
control field DO-SdBNP
005 - DATE AND TIME OF LATEST TRANSACTION
control field 20231031105030.0
007 - CAMPOS FIJOS DE DESCRIPCIÓN FÍSICA
fixed length control field 001100
008 - ELEMENTOS DE LONGITUD FIJA
fixed length control field 160809b 2009 cl 00| 0 spa d
020 ## - ISBN
International Standard Book Number 9789587048704
040 ## - FUENTE DE CATALOGACIÓN
Agencia que crea de manera original el registro BPMSU
Idioma de catalogación spa
Agencia que realiza la transcripción BPMSU
082 #4 - NÚMERO DE CLASIFICACIÓN DECIMAL DE DEWEY
Classification number 869.4
Item number S243c 2009
Edition number 22
100 1# - ASIENTO PRINCIPAL -- NOMBRE PERSONAL
Nombre personal Saramago, José
Fechas asociadas con el nombre 1922-2010
9 (RLIN) 46
245 13 - MENCIÓN DE TITULO
Título El cuaderno :
Subtítulo textos escritos para el blog. septiembre de 2008 - Marzo de 2009 /
Mención de responsabilidad José Saramago ; traducción Pilar del Río
260 ## - PUBLICACIÓN, DISTRIBUCIÓN, ETC. (PIE DE IMPRENTA)
Lugar de publicación, distribución, etc Bogotá, Colombia :
Nombre del editor, distribuidor, etc. Santillana Ediciones Generales,
Fecha de publicación, distribución, etc 2009.
300 ## - DESCRIPCIÓN FÍSICA
Extensión 229 p. ;
Dimensiones 21 cm.
590 ## - NOTA LOCAL
Texto de la nota local Inventariado, 25023/VM
600 14 - ENCABEZAMIENTO DE MATERIA--NOMBRE PERSONAL
Nombre personal Saramago, José,
Fechas asociadas con el nombre 1922-2010
Subdivisión temática general Blogs.
Materiales especificados
650 #4 - ENCABEZAMIENTO DE MATERIA--TEMÁTICO
Término temático o nombre geográfico como elemento de entrada Ensayos portugueses
700 1# - ASIENTO SECUNDARIO -- NOMBRE PERSONAL
Nombre personal Río, Pilar del
Mención de responsabilidad tr.
910 ## - VALIDACIÓN
Validación BTAVÁREZ/ VMateo V. Control de calidad. BPMSU
942 ## - ADDED ENTRY ELEMENTS (KOHA)
Source of classification or shelving scheme Dewey Decimal Classification
Koha item type Libros
Existencias
Withdrawn status Lost status Source of classification or shelving scheme Damaged status Not for loan Collection code Home library Current library Date acquired Source of acquisition Total Checkouts Full call number Barcode Date last seen Price effective from Koha item type Uniform Resource Identifier
    Dewey Decimal Classification     Colección General Biblioteca Pública Metropolitana Salomé Ureña Biblioteca Pública Metropolitana Salomé Ureña 08/09/2016 Santillana   BPMSU CG 869.342 S243c 2009 BPMSU16080138 08/09/2016 08/09/2016 Libros  
    Dewey Decimal Classification     Colección General Biblioteca Pública Metropolitana Salomé Ureña Biblioteca Pública Metropolitana Salomé Ureña 01/23/2018 Alfaguara   BPMSU CG 869.342 S243c 2009 BPMSU18010028 01/23/2018 01/23/2018 Libros e.2